Geografía económica: la lógica espacial del capitalismo global

Kaydedildi:
Detaylı Bibliyografya
Yazar: Méndez Gutiérrez del Valle, Ricardo (autor)
Materyal Türü: Kitap
Dil:İspanyolca
Baskı/Yayın Bilgisi: Barcelona Ariel 2004
Edisyon:2a. ed
Seri Bilgileri:Ariel Geogafía
Konular:
Etiketler: Etiketle
Etiket eklenmemiş, İlk siz ekleyin!

MARC

LEADER 00000nam a2200000 a 4500
001 UCK7521
003 CL-VaPUC
008 051125e20040000SP |||||||||||||||||spa|d
020 |a 8434434563 
082 0 4 |a 330.9  |b MEN  |2 21 
100 |a Méndez Gutiérrez del Valle, Ricardo  |e autor  |9 466577 
245 1 0 |a Geografía económica: la lógica espacial del capitalismo global 
250 |a 2a. ed 
300 |a 384 p 
942 |c BK 
945 |d 20051125 00:00:00  |a jtorresc 
260 |a Barcelona  |b Ariel  |c 2004 
650 0 |a Geografía económica   |9 267757 
650 0 |a Economía   |9 255568 
650 0 |a Actividad económica   |9 404494 
650 0 |a Globalización  |9 361930 
650 7 |a INNOVACIONES TECNOLOGICAS  |2 CL-VaPUC  |9 497047 
583 |a last modification  |c 20051125 00:00:00  |k Rodrigo Vera 
490 0 |a Ariel Geogafía 
999 |c 315428  |d 315426 
952 |0 0  |1 0  |4 0  |6 330_900000000000000_MEN_2004  |7 0  |8 A  |9 388679  |a BIBING  |b BIBING  |d 2019-11-22  |i 4185439  |o 330.9 MEN 2004  |p 4185439  |r 2025-01-20  |w 2019-11-22  |y BK  |k GEO